[Event "Nova Gorica op 28th"]
[Site "Nova Gorica"]
[Date "2024.02.01"]
[Round "8"]
[White "Milicevic, Zoran1"]
[Black "Veselic, Maks"]
[Result "0-1"]
[WhiteElo "1550"]
[BlackElo "1874"]
[PlyCount "58"]
[EventDate "2024.01.26"]
[EventType "swiss"]
[EventRounds "9"]
[EventCountry "SLO"]
[SourceTitle "CB06_2024"]
[SourceDate "2024.02.07"]
[SourceVersion "1"]
[SourceVersionDate "2024.02.07"]
[SourceQuality "1"]

1. e4 e5 2. Nf3 Nc6 3. g3 Nf6 4. Nc3 Bc5 5. Bg2 d6 6. 0-0 Be6 7. d3 a6 8. Bg5 h6 9. Bxf6 Qxf6 10. a3 Nd4 11. Nxd4 Bxd4 12. Ne2 Ba7 13. c3 h5 14. d4 h4 15. Qd3 0-0-0 16. b4 hxg3 17. hxg3 Rh7 18. f4 Bg4 19. fxe5 Qxe5 20. Rxf7 Bxe2 21. Qxe2 Bxd4+ 22. Kf1 Bxc3 23. Qc4 d5 24. exd5 Bxa1 25. Qc2 Rh6 26. Rf5 Rf6 27. Rxf6 Qxf6+ 28. Ke2 Re8+ 29. Be4 Qb2 0-1

[Event "Nova Gorica op 28th"]
[Site "Nova Gorica"]
[Date "2024.01.31"]
[Round "7"]
[White "Veselic, Maks"]
[Black "Kejzar, Petra"]
[Result "0-1"]
[WhiteElo "1874"]
[BlackElo "2025"]
[PlyCount "72"]
[EventDate "2024.01.26"]
[EventType "swiss"]
[EventRounds "9"]
[EventCountry "SLO"]
[SourceTitle "CB06_2024"]
[SourceDate "2024.02.07"]
[SourceVersion "1"]
[SourceVersionDate "2024.02.07"]
[SourceQuality "1"]

1. e4 c5 2. Nf3 e6 3. c3 Nf6 4. e5 Nd5 5. d4 cxd4 6. cxd4 d6 7. Nc3 Nxc3 8. bxc3 Qc7 9. Bd2 Nd7 10. exd6 Bxd6 11. Bd3 0-0 12. Qc2 h6 13. Qc1 f5 14. 0-0 e5 15. dxe5 Nxe5 16. Nxe5 Bxe5 17. h3 Be6 18. Re1 Bd5 19. Qc2 Rf6 20. Bf1 Rc8 21. Rad1 Be4 22. Bd3 Bh2+ 23. Kf1 Bxg2+ 24. Kxg2 Rg6+ 25. Kh1 Qc6+ 26. Be4 fxe4 27. Qxe4 Rg1+ 28. Kxh2 Qxe4 29. Rxg1 Rd8 30. Be3 Rxd1 31. Rxd1 Qe5+ 32. Kg1 Qxc3 33. Bxa7 Qxh3 34. Rb1 Qg4+ 35. Kf1 Qa4 36. Be3 Qxa2 0-1

[Event "Nova Gorica op 28th"]
[Site "Nova Gorica"]
[Date "2024.01.27"]
[Round "2"]
[White "Marchesich, Giovanni"]
[Black "Veselic, Maks"]
[Result "1-0"]
[WhiteElo "2210"]
[BlackElo "1874"]
[PlyCount "85"]
[EventDate "2024.01.26"]
[EventType "swiss"]
[EventRounds "9"]
[EventCountry "SLO"]
[SourceTitle "CB06_2024"]
[SourceDate "2024.02.07"]
[SourceVersion "1"]
[SourceVersionDate "2024.02.07"]
[SourceQuality "1"]

1. e4 e5 2. Nf3 Nc6 3. Bb5 a6 4. Ba4 Nf6 5. 0-0 Be7 6. d3 b5 7. Bb3 d6 8. a3 0-0 9. Nc3 Na5 10. Ba2 c5 11. b4 cxb4 12. axb4 Nc6 13. Nd5 Nxd5 14. Bxd5 Bb7 15. c4 Qd7 16. Qb3 Na7 17. c5 dxc5 18. Nxe5 Bxd5 19. Nxd7 Bxb3 20. Nxf8 Rxf8 21. Rxa6 Nc8 22. bxc5 Bxc5 23. Bb2 Rd8 24. Rc1 Bb6 25. Rc6 h6 26. Kf1 Be6 27. Ke2 Bd4 28. Bxd4 Rxd4 29. Ra8 Rd8 30. Rb8 Re8 31. Rc5 f5 32. f3 fxe4 33. fxe4 Kf7 34. Rcxb5 Nd6 35. R5b6 Rxb8 36. Rxb8 Kf6 37. Ke3 Nf7 38. d4 Bc4 39. Rb4 Bf1 40. Rb2 Bc4 41. Rf2+ Ke7 42. d5 Nd6 43. Kd4 1-0

[Event "Nova Gorica op 28th"]
[Site "Nova Gorica"]
[Date "2024.01.27"]
[Round "3"]
[White "Veselic, Maks"]
[Black "Ivsek, Cveto"]
[Result "1-0"]
[WhiteElo "1874"]
[BlackElo "1711"]
[PlyCount "89"]
[EventDate "2024.01.26"]
[EventType "swiss"]
[EventRounds "9"]
[EventCountry "SLO"]
[SourceTitle "CB06_2024"]
[SourceDate "2024.02.07"]
[SourceVersion "1"]
[SourceVersionDate "2024.02.07"]
[SourceQuality "1"]

1. e4 c6 2. d4 d5 3. Nc3 dxe4 4. Nxe4 Nd7 5. Nf3 h6 6. Bd3 Ngf6 7. Nxf6+ Nxf6 8. h3 g5 9. h4 g4 10. Ne5 Be6 11. c3 Qd5 12. 0-0 Bg7 13. Re1 h5 14. Bc4 Qd6 15. Bxe6 fxe6 16. Ng6 Rh6 17. Bxh6 Bxh6 18. Qb3 Nd5 19. c4 Nf4 20. Nxf4 Bxf4 21. c5 Qd5 22. Qxd5 exd5 23. Re6 Kf7 24. Rae1 Re8 25. g3 Bc1 26. R6e2 Bh6 27. Kg2 Bg7 28. Rd1 Bf6 29. b4 a6 30. a4 e5 31. dxe5 Bxe5 32. Rb1 Kf6 33. b5 axb5 34. axb5 Rc8 35. Rbe1 Bd4 36. Re6+ Kf5 37. Rh6 Bxc5 38. Rxh5+ Kf6 39. Ree5 Bd4 40. Rhf5+ Kg7 41. Re7+ Kg6 42. Rg5+ Kh6 43. Rxg4 c5 44. Re6+ Kh7 45. Rd6 1-0

[Event "Hum na Sutli op 15th"]
[Site "Hum na Sutli"]
[Date "2023.08.29"]
[Round "5"]
[White "Medvesek, Janez"]
[Black "Veselic, Maks"]
[Result "1/2-1/2"]
[WhiteElo "1836"]
[BlackElo "1783"]
[PlyCount "64"]
[EventDate "2023.08.26"]
[EventType "swiss"]
[EventRounds "9"]
[EventCountry "CRO"]
[SourceTitle "EXT 2024"]
[Source "ChessBase"]
[SourceDate "2023.10.10"]
[SourceVersion "1"]
[SourceVersionDate "2023.10.10"]
[SourceQuality "1"]

1. d4 Nf6 2. c4 e6 3. Nc3 Bb4 4. f3 0-0 5. a3 Bxc3+ 6. bxc3 c5 7. e4 Nc6 8. Be3 d5 9. cxd5 exd5 10. e5 Nd7 11. Bd3 c4 12. Bc2 b5 13. Ne2 Qb6 14. Qd2 Re8 15. f4 a5 16. 0-0 Rb8 17. f5 b4 18. axb4 axb4 19. Nf4 bxc3 20. Qxc3 Qd8 21. Rfb1 Rxb1+ 22. Rxb1 Nf8 23. Rb5 Ne7 24. f6 gxf6 25. exf6 Nf5 26. Bxf5 Bxf5 27. Nxd5 Qd7 28. Ne7+ Rxe7 29. fxe7 Qxb5 30. exf8Q+ Kxf8 31. Bh6+ Ke8 32. Qe3+ Kd7 1/2-1/2

[Event "Hum na Sutli op 15th"]
[Site "Hum na Sutli"]
[Date "2023.08.28"]
[Round "4"]
[White "Veselic, Maks"]
[Black "Peric, Bernard"]
[Result "0-1"]
[WhiteElo "1783"]
[BlackElo "2160"]
[PlyCount "60"]
[EventDate "2023.08.26"]
[EventType "swiss"]
[EventRounds "9"]
[EventCountry "CRO"]
[SourceTitle "EXT 2024"]
[Source "ChessBase"]
[SourceDate "2023.10.10"]
[SourceVersion "1"]
[SourceVersionDate "2023.10.10"]
[SourceQuality "1"]

1. e4 c5 2. Nf3 g6 3. c3 d5 4. e5 Nc6 5. d4 Bg7 6. h3 cxd4 7. cxd4 Nh6 8. Nc3 0-0 9. Bd3 Nf5 10. Bxf5 Bxf5 11. Qb3 Be4 12. Qxb7 Bxf3 13. Qxc6 Bxg2 14. Rg1 Bxh3 15. Qxd5 Qb6 16. Qf3 Be6 17. d5 Bc8 18. Qg3 Bb7 19. Bf4 Rad8 20. 0-0-0 Qa5 21. Qh4 Bxd5 22. Qxe7 Be6 23. Rxd8 Rxd8 24. Rh1 Rc8 25. Qh4 h5 26. Kb1 Rxc3 27. bxc3 Qxc3 28. Qd8+ Kh7 29. Rxh5+ gxh5 30. Qg5 Qe1+ 0-1

[Event "SLO-ch 33rd"]
[Site "Radenci"]
[Date "2023.05.02"]
[Round "9"]
[White "Veselic, Maks"]
[Black "Keber, Aljosa"]
[Result "1-0"]
[WhiteElo "1649"]
[BlackElo "1802"]
[PlyCount "133"]
[EventDate "2023.04.25"]
[EventType "team-match"]
[EventRounds "9"]
[EventCountry "SLO"]
[SourceTitle "CBM 214 Extra"]
[Source "ChessBase"]
[SourceDate "2023.07.31"]
[SourceVersion "1"]
[SourceVersionDate "2023.07.31"]
[SourceQuality "1"]

1. e4 c5 2. Nf3 d6 3. c3 Nf6 4. Be2 g6 5. 0-0 Bg7 6. Re1 0-0 7. d3 Nc6 8. Nbd2 e5 9. a3 a5 10. a4 d5 11. exd5 Nxd5 12. Nc4 Re8 13. Qb3 b6 14. Qb5 Bd7 15. Qb3 Qc7 16. Nxa5 Nxc3 17. bxc3 Nxa5 18. Qb2 Be6 19. Be3 e4 20. dxe4 Nc4 21. Bxc4 Bxc4 22. Qc2 Rad8 23. Rad1 Qc6 24. h3 h6 25. Rxd8 Rxd8 26. Rd1 Ra8 27. Rb1 Ra6 28. Qd2 Kh7 29. Qc2 Qf6 30. Rc1 Qc6 31. Rb1 Qf6 32. Rd1 Be6 33. Rd6 Qe7 34. Bxc5 Qc7 35. Bb4 Bf8 36. Rd4 Bc5 37. Bxc5 bxc5 38. Rd1 Qa7 39. Ra1 Bd7 40. Qb3 Bc6 41. Ne5 Bxe4 42. Qxf7+ Qxf7 43. Nxf7 Ra5 44. f3 Bc2 45. Kf2 Kg7 46. Nd6 Rxa4 47. Rxa4 Bxa4 48. Ne4 c4 49. Ke3 g5 50. Kd4 Kg6 51. Kxc4 Kf5 52. Nc5 Bc6 53. Nd3 h5 54. Kd4 g4 55. hxg4+ hxg4 56. fxg4+ Kg5 57. g3 Bg2 58. Nf2 Kf6 59. Ne4+ Ke6 60. c4 Ke7 61. Ke5 Bf3 62. g5 Bh5 63. c5 Bg6 64. c6 Kd8 65. Nc3 Kc7 66. Nd5+ Kc8 67. Ne7+ 1-0

[Event "SLO-ch 33rd"]
[Site "Radenci"]
[Date "2023.04.29"]
[Round "6"]
[White "Goroshkov, Maksym"]
[Black "Veselic, Maks"]
[Result "1-0"]
[WhiteElo "2287"]
[BlackElo "1649"]
[PlyCount "61"]
[EventDate "2023.04.25"]
[EventType "team-match"]
[EventRounds "9"]
[EventCountry "SLO"]
[SourceTitle "CBM 214 Extra"]
[Source "ChessBase"]
[SourceDate "2023.07.31"]
[SourceVersion "1"]
[SourceVersionDate "2023.07.31"]
[SourceQuality "1"]

1. e4 e5 2. Nf3 Nc6 3. d4 exd4 4. c3 d5 5. exd5 Qxd5 6. cxd4 Bg4 7. Be2 Nf6 8. 0-0 Bd6 9. h3 Bh5 10. Nc3 Qf5 11. Nh4 Bxe2 12. Nxf5 Bxd1 13. Rxd1 0-0 14. Nb5 Rad8 15. Nbxd6 cxd6 16. Bg5 Rfe8 17. d5 Ne7 18. Ne3 Ne4 19. Bxe7 Rxe7 20. Rac1 Rde8 21. Nc4 Rc7 22. Re1 b5 23. Na3 Rb7 24. Rxe4 Kf8 25. Rxe8+ Kxe8 26. Rc6 Kd7 27. b4 g6 28. f4 f5 29. Ra6 h5 30. Kf2 h4 31. Ra5 1-0

[Event "SLO-ch 33rd"]
[Site "Radenci"]
[Date "2023.04.27"]
[Round "4"]
[White "Veselic, Maks"]
[Black "Gricnik, Tine"]
[Result "1-0"]
[WhiteElo "1649"]
[BlackElo "1763"]
[PlyCount "67"]
[EventDate "2023.04.25"]
[EventType "team-match"]
[EventRounds "9"]
[EventCountry "SLO"]
[SourceTitle "CBM 214 Extra"]
[Source "ChessBase"]
[SourceDate "2023.07.31"]
[SourceVersion "1"]
[SourceVersionDate "2023.07.31"]
[SourceQuality "1"]

1. e4 e6 2. d4 d5 3. Nc3 dxe4 4. Nxe4 Nd7 5. Nf3 Ngf6 6. Nxf6+ Nxf6 7. Bd3 Be7 8. 0-0 c5 9. c3 0-0 10. Bg5 Nd5 11. Bxe7 Qxe7 12. Re1 b6 13. Be4 Bb7 14. Qb3 Qc7 15. c4 f5 16. Bxd5 exd5 17. cxd5 c4 18. d6 Qc6 19. Qa3 Rf6 20. Re7 Rg6 21. d7 Re6 22. Re1 Rxe1+ 23. Nxe1 Rd8 24. d5 Qg6 25. Qxa7 Kf8 26. Re6 Rxd7 27. Rxg6 hxg6 28. Qxb6 Re7 29. Nf3 Kf7 30. Ng5+ Ke8 31. Qxg6+ Kd7 32. Qxf5+ Kc7 33. Ne4 Kb6 34. h4 1-0

[Event "SLO-ch 33rd"]
[Site "Radenci"]
[Date "2023.04.26"]
[Round "2"]
[White "Urh, Zala"]
[Black "Veselic, Maks"]
[Result "1-0"]
[WhiteElo "2278"]
[BlackElo "1649"]
[PlyCount "111"]
[EventDate "2023.04.25"]
[EventType "team-match"]
[EventRounds "9"]
[EventCountry "SLO"]
[SourceTitle "CBM 214 Extra"]
[Source "ChessBase"]
[SourceDate "2023.07.31"]
[SourceVersion "1"]
[SourceVersionDate "2023.07.31"]
[SourceQuality "1"]

1. d4 Nf6 2. c4 e6 3. Nc3 Bb4 4. e3 0-0 5. Nf3 d5 6. Bd2 b6 7. cxd5 exd5 8. Rc1 Bb7 9. Bd3 Re8 10. 0-0 Nbd7 11. Nb5 Bxd2 12. Nxd2 Ba6 13. Nf3 Bxb5 14. Bxb5 Re7 15. Bc6 Rb8 16. Qa4 a5 17. Qb3 Nf8 18. Ne5 Ng6 19. f4 Qd6 20. Rc2 Rd8 21. Bb5 Rf8 22. Rc6 Qd8 23. Rfc1 Nxe5 24. dxe5 Ne4 25. Rd1 Rd7 26. Rc2 Nc5 27. Rxc5 bxc5 28. Bxd7 Qxd7 29. Qxd5 Qb5 30. Rd2 h6 31. h3 Rb8 32. f5 c4 33. e4 Qb6+ 34. Kh2 Qe3 35. e6 fxe6 36. fxe6 Qf4+ 37. g3 Qd6 38. Qxa5 Qxe6 39. Qxc7 Rf8 40. e5 Rf1 41. Rd7 Qf5 42. Qxc4+ Kh7 43. Qd3 Qxd3 44. Rxd3 Rf2+ 45. Kg1 Rxb2 46. Ra3 Kg6 47. Ra6+ Kf5 48. e6 Kf6 49. a4 Ra2 50. a5 h5 51. Kf1 g5 52. Ke1 Rg2 53. Ra8 Ra2 54. a6 Kxe6 55. a7 Kd7 56. Rh8 1-0

[Event "Nova Gorica op 27th"]
[Site "Nova Gorica"]
[Date "2023.03.20"]
[Round "6"]
[White "Debevec, Blaz"]
[Black "Veselic, Maks"]
[Result "1-0"]
[WhiteElo "2070"]
[BlackElo "1589"]
[PlyCount "99"]
[EventDate "2023.03.16"]
[EventType "swiss"]
[EventRounds "9"]
[EventCountry "SLO"]
[SourceTitle "CBM 213 Extra"]
[Source "ChessBase"]
[SourceDate "2023.05.31"]
[SourceVersion "1"]
[SourceVersionDate "2023.05.31"]
[SourceQuality "1"]

1. d4 Nf6 2. c4 e6 3. g3 d5 4. Nf3 Be7 5. Bg2 0-0 6. 0-0 dxc4 7. Qc2 a6 8. a4 Bd7 9. Ne5 Bc6 10. Nxc6 Nxc6 11. e3 Na5 12. Nd2 c5 13. dxc5 Bxc5 14. Nxc4 Rc8 15. Nxa5 Qxa5 16. Qe2 Nd5 17. Bxd5 exd5 18. Rd1 Rfd8 19. Bd2 Qb6 20. a5 Qf6 21. Bc3 d4 22. exd4 Bxd4 23. Bxd4 Rxd4 24. Rxd4 Qxd4 25. Rd1 Qa4 26. Qd2 h6 27. b4 Qc6 28. Qd7 b6 29. axb6 Qxd7 30. Rxd7 Rb8 31. b7 g6 32. Kf1 Kg7 33. Ke2 Kf6 34. Kd3 Ke6 35. Rc7 f6 36. Kc4 Kd6 37. Rf7 Kc6 38. Rxf6+ Kxb7 39. Rxg6 Rh8 40. Kd5 h5 41. h4 Rf8 42. f4 Rf5+ 43. Ke6 Rb5 44. f5 Rxb4 45. f6 Re4+ 46. Kd7 Rd4+ 47. Ke7 Re4+ 48. Kf8 a5 49. f7 Re2 50. Kg8 1-0

[Event "Nova Gorica op 27th"]
[Site "Nova Gorica"]
[Date "2023.03.17"]
[Round "2"]
[White "Ivsek, Cveto"]
[Black "Veselic, Maks"]
[Result "1/2-1/2"]
[WhiteElo "1754"]
[BlackElo "1589"]
[PlyCount "73"]
[EventDate "2023.03.16"]
[EventType "swiss"]
[EventRounds "9"]
[EventCountry "SLO"]
[SourceTitle "CBM 213 Extra"]
[Source "ChessBase"]
[SourceDate "2023.05.31"]
[SourceVersion "1"]
[SourceVersionDate "2023.05.31"]
[SourceQuality "1"]

1. d4 Nf6 2. Bf4 e6 3. e3 d5 4. Nf3 Bd6 5. Bxd6 Qxd6 6. c3 0-0 7. Nbd2 Nbd7 8. Bd3 e5 9. dxe5 Nxe5 10. Nxe5 Qxe5 11. Nf3 Qe7 12. h3 b6 13. 0-0 c5 14. a4 Bb7 15. Qe2 Rad8 16. Rfe1 Qc7 17. Rac1 Rfe8 18. Qd1 Qb8 19. Bb5 Re7 20. Be2 Ne4 21. Nd2 Nxd2 22. Qxd2 Bc6 23. Qc2 Qe5 24. Ra1 Re6 25. Bf3 Qf6 26. a5 d4 27. Bxc6 d3 28. Qd2 Rxc6 29. axb6 axb6 30. c4 g6 31. Ra3 Rcd6 32. Rd1 Qe5 33. Qc3 Qe4 34. Rd2 R6d7 35. Ra6 Rd6 36. Qb3 Qe6 37. Ra7 1/2-1/2